Statistics for Countries with the Most Elite Universities

Click here to take the quiz!

General Stats

  • This quiz has been taken 40,162 times
    (24,137 since last reset)
  • The average score is 13 of 15

Answer Stats

# Country % Correct
47United States
100%
28United Kingdom
99%
5France
98%
12China
97%
11Germany
97%
9Japan
94%
7Canada
94%
3Spain
92%
9Australia
89%
5Sweden
86%
10Netherlands
79%
7Switzerland
77%
7South Korea
73%
4Belgium
73%
3Denmark
71%

Score Distribution

Percentile by Number Answered

Percent of People with Each Score

Your Score History

You have not taken this quiz since the last reset